000
00248nam a22001097a 4500
082
_a
658 HOL'A
100
_a
HOLMANS, WALTER G
_9
58430
245
_a
APPLIED TIME AND MOTION STUDY
260
_a
NEWYORK
_b
RONALD
_c
1945
300
_a
383P
942
_c
BK
999
_c
568630
_d
568630